000 00626nam a22002177a 4500
003 UA-OsUOA
001 83680
007 ta
008 20120424b un ||||| |||| 00| 0 ukr d
100 _aЗаворотній Р.І.
090 _a330(477)
_bЗ-13
942 _cSA
040 _aUA-OsUOA
_bukr
_cUA-OsUOA
_dUA-OsUOA
245 _aРозвиток оцінки зростання вітчизняного бізнесу
300 _aС.54-56
955 _a0
041 _aukr
080 _a330(477)
773 0 _w83676
_tФінанси України
_dК.
_d2011
_g11
650 7 _a330 Економіка взагалі
_2UDC
999 _c369992
_d369992